UM Logo

Mindanao ethnic communities: (Record no. 15631)

MARC details
000 -LEADER
fixed length control field 00922nam a22002417a 4500
008 - FIXED-LENGTH DATA ELEMENTS--GENERAL INFORMATION
fixed length control field 201013b ||||| |||| 00| 0 eng d
020 ## - INTERNATIONAL STANDARD BOOK NUMBER
International Standard Book Number 9717420610
082 ## - DEWEY DECIMAL CLASSIFICATION NUMBER
Edition number 2001
Classification number DFil 305.8
Item number Al1
100 ## - MAIN ENTRY--PERSONAL NAME
Personal name Alan, Mercedes and 6 others
9 (RLIN) 42287
245 ## - TITLE STATEMENT
Title Mindanao ethnic communities:
Remainder of title patterns of growth and change/
Statement of responsibility, etc. Mercedes Alan and 6 others
260 ## - PUBLICATION, DISTRIBUTION, ETC. (IMPRINT)
Place of publication, distribution, etc. Quezon City:
Name of publisher, distributor, etc. UP- Center for Integrative and Development Studies,
Date of publication, distribution, etc. ©2001.
300 ## - PHYSICAL DESCRIPTION
Extent 257 pages:
Other physical details Illustrations;
Dimensions 23 cm.
650 ## - SUBJECT ADDED ENTRY--TOPICAL TERM
Topical term or geographic name as entry element Ethnic groups -- Mindanao (Philippines)
9 (RLIN) 42288
650 ## - SUBJECT ADDED ENTRY--TOPICAL TERM
Topical term or geographic name as entry element Indigenous peoples -- Mindanao (Philippines)
9 (RLIN) 42289
650 ## - SUBJECT ADDED ENTRY--TOPICAL TERM
Topical term or geographic name as entry element Minorities -- Mindanao (Philippines)
9 (RLIN) 42290
700 ## - ADDED ENTRY--PERSONAL NAME
Personal name Cruz, Amihan
9 (RLIN) 42291
700 ## - ADDED ENTRY--PERSONAL NAME
Personal name Cua, Liezl
9 (RLIN) 42292
700 ## - ADDED ENTRY--PERSONAL NAME
Personal name Guardados, Johanna Joyce
9 (RLIN) 42293
700 ## - ADDED ENTRY--PERSONAL NAME
Personal name Lobos, Dorothy
9 (RLIN) 42294
700 ## - ADDED ENTRY--PERSONAL NAME
Personal name Ompang, Manuel
9 (RLIN) 42295
700 ## - ADDED ENTRY--PERSONAL NAME
Personal name Onggo, Marcelino
9 (RLIN) 42296
942 ## - ADDED ENTRY ELEMENTS (KOHA)
Source of classification or shelving scheme Dewey Decimal Classification
Koha item type Filipiniana
Holdings
Withdrawn status Lost status Source of classification or shelving scheme Damaged status Not for loan Collection code Home library Current library Date acquired Source of acquisition Total Checkouts Full call number Barcode Date last seen Cost, replacement price Price effective from Koha item type
    Dewey Decimal Classification     Filipiniana UM Digos College - LIC UM Digos College - LIC 09/10/2004 Purchase   DFil 305.8 Al1 2001 17776 05/15/2025 450.00 10/13/2020 Filipiniana